Учебник по русскому языку для начальной школы с украинским языком преподавания. Ч. 1: III год обучения (Запись № 13593331)
[ простой вид ]
| 000 -МАРКЕР | |
|---|---|
| контрольное поле | 01170nam2a2200241 4500 |
| 001 - ИДЕНТИФИКАТОР ЗАПИСИ | |
| контрольное поле | rc\2911220 |
| 005 - ИДЕНТИФИКАТОР ВЕРСИИ | |
| контрольное поле | 20260315054239.0 |
| 035 ## - ДРУГИЕ СИСТЕМНЫЕ НОМЕРА | |
| Идентификатор записи | (NLR Aleph) 007061945 |
| 100 ## - ДАННЫЕ ОБЩЕЙ ОБРАБОТКИ | |
| Данные общей обработки | 20110807d1933 u y0rusy50 ca |
| 101 0# - ЯЗЫК РЕСУРСА | |
| Язык текста, звукозаписи и т.д. | русский |
| 102 ## - СТРАНА ПУБЛИКАЦИИ ИЛИ ПРОИЗВОДСТВА | |
| Страна публикации | российская федерация |
| 105 ## - ПОЛЕ КОДИРОВАННЫХ ДАННЫХ: ТЕКСТОВЫЕ МАТЕРИАЛЫ, МОНОГРАФИЧЕСКИЕ | |
| Кодированные данные о монографическом текстовом документе | a z ||||| |
| 200 1# - ЗАГЛАВИЕ И СВЕДЕНИЯ ОБ ОТВЕТСТВЕННОСТИ | |
| Основное заглавие | III год обучения |
| Первые сведения об ответственности | Ред. М. Самусь |
| 210 ## - ПУБЛИКАЦИЯ, РАСПРОСТРАНЕНИЕ И ДР. | |
| Дата издания, распространения и т.д. | 1933 |
| 215 ## - ФИЗИЧЕСКАЯ ХАРАКТЕРИСТИКА | |
| Специфическое обозначение материала и объем | Обл., 104 с. |
| Другие сведения о физической характеристике | ил. |
| 461 #0 - УРОВЕНЬ НАБОРА | |
| Встроенное поле | 001rc\2911219 |
| -- | 2001#$aУчебник по русскому языку для начальной школы с украинским языком преподавания$fМ.Н. Езерский, А.П. Феоктистов$vЧ. 1 |
| -- | 700#1$aЕзерский$bМ.Н.$gМеер Натанович |
| Системный номер (АБИС) связанной записи | 6294228 |
| Автор | Езерский, М.Н. |
| Место публикации | Харьков |
| Дата публикации | 1933 |
| Первые сведения об ответственности | М.Н. Езерский, А.П. Феоктистов |
| Имя издателя, распространителя и т.д. | ДВОУ |
| Заглавие | Учебник по русскому языку для начальной школы с украинским языком преподавания |
| Номер тома | Ч. 1 |
| 702 #1 - ИМЯ ЛИЦА - ВТОРИЧНАЯ ОТВЕТСТВЕННОСТЬ | |
| Начальный элемент ввода | Самусь |
| Часть имени, кроме начального элемента ввода | М. |
| Код отношения | Редактор |
| 801 #0 - ИСТОЧНИК ЗАПИСИ | |
| Страна | российская федерация |
| Организация | NLR |
| Правила каталогизации | psbo |
| 801 #1 - ИСТОЧНИК ЗАПИСИ | |
| Страна | российская федерация |
| Организация | ELAR |
| Источник данных | rusmarc |
| 852 ## - МЕСТОНАХОЖДЕНИЕ И ШИФР ХРАНЕНИЯ | |
| Идентификатор организации | NLR |
| Шифр хранения (Call Number) | 33-17/338(1) |
| 942 ## - ДОПОЛНИТЕЛЬНЫЕ ЭЛЕМЕНТЫ ЗАПИСИ (АБИС) | |
| Тип экземпляра АБИС | Неопределено |
| 980 ## - КОЛЛЕКЦИЯ | |
| Название коллекции | Национальная библиография |
Нет доступных экземпляров.